| 000 | 00652nam a2200217Ia 4500 | ||
|---|---|---|---|
| 005 | 20230317100503.0 | ||
| 008 | 131103s9999 xx 000 0 und d | ||
| 040 | _aLoreto College | ||
| 041 | _aEnglish | ||
| 082 |
_a891.44 _bSEN |
||
| 100 | _aSengupta, Kiransankar | ||
| 245 |
_aModhusudan, Rabindranath o uttarkal _cKiransankar Sengupta |
||
| 260 |
_aCalcutta _bRupa & Co _c1965 |
||
| 300 | _a208p | ||
| 504 | _aInclude index | ||
| 630 | _aTagore, Rabindranath - History and Criticism | ||
| 650 | _aDutta, Modhusudan - Criticism and Interpretation | ||
| 651 | _aBengali Literature - History and Criticism | ||
| 850 | _aLCLIB | ||
| 942 | _cBK | ||
| 999 |
_c20493 _d70972 |
||